[Event "EU-ch 25th"]
[Site "Eforie Nord"]
[Date "2025.03.26"]
[Round "11"]
[White "Martici, Teodor"]
[Black "Humbert, Arthur"]
[Result "1-0"]
[WhiteElo "1846"]
[BlackElo "2036"]
[PlyCount "177"]
[EventDate "2025.03.15"]
[EventType "swiss"]
[EventRounds "11"]
[EventCountry "ROU"]
[SourceTitle "CB13_2025"]
[SourceDate "2025.03.26"]
[SourceVersion "1"]
[SourceVersionDate "2025.03.26"]
[SourceQuality "1"]

1. Nf3 c5 2. g3 Nc6 3. c4 e5 4. Nc3 g6 5. Bg2 Bg7 6. 0-0 Nge7 7. e4 d6 8. h3 0-0 9. d3 Be6 10. Be3 Qd7 11. Ng5 h6 12. Nxe6 fxe6 13. Qd2 Kh7 14. a3 a5 15. Rab1 Ng8 16. Na2 a4 17. b4 axb3 18. Rxb3 Ra7 19. Nc3 Rfa8 20. Nb5 Ra6 21. Rfb1 Nf6 22. Nc3 Na5 23. Rb5 Ne8 24. Qb2 Nc7 25. Rb6 Rxb6 26. Qxb6 Ra6 27. Qb2 Qc6 28. Nb5 Ne8 29. h4 Ra8 30. Bh3 d5 31. cxd5 exd5 32. exd5 Qxd5 33. Qc2 c4 34. dxc4 Nxc4 35. Bc1 Rd8 36. Bf1 Ncd6 37. Nxd6 Nxd6 38. Be3 Nf5 39. Bb6 Re8 40. Qc4 Qf3 41. Qb3 Qg4 42. Qc4 Qf3 43. Qb3 Qe4 44. Bg2 Qg4 45. Bf3 Qh3 46. Qa4 Nd4 47. Bxd4 Rf8 48. Bxe5 Qf5 49. Qe4 Bxe5 50. Rxb7+ Kh8 51. Qxf5 Rxf5 52. Kg2 Bd4 53. Rd7 Bc5 54. a4 g5 55. hxg5 hxg5 56. Rd5 Rxd5 57. Bxd5 Kg7 58. a5 Kf6 59. a6 Kf5 60. f3 Ba7 61. Kf1 Ke5 62. Bb7 Bb6 63. Ke2 Kd4 64. f4 gxf4 65. gxf4 Bc5 66. f5 Ke5 67. Bc8 Kd6 68. Kd3 Kc7 69. Kc4 Ba7 70. Bb7 Kd6 71. Kb5 Bd4 72. Bc8 Kc7 73. Kc4 Be3 74. Bb7 Kd6 75. Kd3 Bb6 76. Ke4 Bc5 77. Kf4 Bd4 78. Kg5 Ke7 79. Kg6 Kf8 80. f6 Bc5 81. f7 Bd4 82. Bd5 Ke7 83. Kf5 Bb6 84. Ke4 Bc5 85. Kd3 Ba7 86. Kc4 Be3 87. Kb5 Bb6 88. Kxb6 Kd7 89. f8R 1-0

[Event "EU-ch 25th"]
[Site "Eforie Nord"]
[Date "2025.03.22"]
[Round "7"]
[White "Humbert, Arthur"]
[Black "Albu, Vlad"]
[Result "0-1"]
[WhiteElo "2036"]
[BlackElo "1856"]
[PlyCount "98"]
[EventDate "2025.03.15"]
[EventType "swiss"]
[EventRounds "11"]
[EventCountry "ROU"]
[SourceTitle "CB13_2025"]
[SourceDate "2025.03.26"]
[SourceVersion "1"]
[SourceVersionDate "2025.03.26"]
[SourceQuality "1"]

1. d4 d5 2. c4 e6 3. Nc3 Nf6 4. cxd5 exd5 5. Bg5 Be7 6. e3 c6 7. Bd3 0-0 8. Nf3 Be6 9. Qc2 h6 10. Bh4 Nbd7 11. 0-0 Rc8 12. Rfe1 c5 13. Qe2 Re8 14. Rad1 Qb6 15. Bb1 Bg4 16. dxc5 Qxc5 17. Nb5 Bxf3 18. gxf3 Ne5 19. Bf5 Rcd8 20. Nd4 g6 21. Bh3 Nc6 22. Nxc6 Qxc6 23. a3 d4 24. e4 Nh5 25. Bg3 Bg5 26. Bf1 Nf4 27. Qc4 Qf6 28. Qc7 d3 29. e5 Qf5 30. h4 d2 31. Re4 Nh3+ 32. Kg2 Rc8 33. Qxb7 Rc1 34. Qb3 Rec8 35. hxg5 Nxg5 36. Be2 Rxd1 37. Bxd1 Qh3+ 38. Kg1 Nxe4 39. fxe4 Rc1 40. e6 Qxe6 41. Qa4 Kh7 42. Kg2 h5 43. Bf3 h4 44. Bf4 Rh1 45. Kxh1 Qh3+ 46. Kg1 Qxf3 47. Bxd2 h3 48. Kf1 h2 49. Qd7 h1Q# 0-1

[Event "EU-ch 25th"]
[Site "Eforie Nord"]
[Date "2025.03.17"]
[Round "3"]
[White "Humbert, Arthur"]
[Black "Negrean, Andrei"]
[Result "0-1"]
[WhiteElo "2036"]
[BlackElo "2280"]
[PlyCount "82"]
[EventDate "2025.03.15"]
[EventType "swiss"]
[EventRounds "11"]
[EventCountry "ROU"]
[SourceTitle "CB13_2025"]
[SourceDate "2025.03.26"]
[SourceVersion "1"]
[SourceVersionDate "2025.03.26"]
[SourceQuality "1"]

1. e4 c5 2. Nf3 d6 3. d4 Nf6 4. Nc3 cxd4 5. Nxd4 a6 6. Be3 e5 7. Nb3 Be6 8. Qd2 Be7 9. 0-0-0 Ng4 10. Kb1 Nd7 11. h3 Nxe3 12. Qxe3 0-0 13. f4 exf4 14. Qxf4 Bf6 15. Nd4 Be5 16. Qd2 Rc8 17. Nxe6 fxe6 18. Ne2 Nc5 19. Qe3 Qh4 20. g4 Qf2 21. Qxf2 Rxf2 22. Nc1 Na4 23. Be2 Bxb2 24. Rdf1 Be5 25. Rxf2 Nc3+ 26. Kb2 Nxe4+ 27. Kb3 Nxf2 28. Rf1 Ne4 29. Rd1 Rc3+ 30. Kb4 Rxc2 31. Bf3 Nd2 32. Be2 Bc3+ 33. Ka4 Rb2 34. Bxa6 Rb4+ 35. Ka5 Nb3+ 36. axb3 Rd4+ 37. b4 Bxb4+ 38. Ka4 Rxd1 39. Na2 Bc5 40. Nc3 Rh1 41. Ne4 Rxh3 0-1

[Event "EU-ch 25th"]
[Site "Eforie Nord"]
[Date "2025.03.16"]
[Round "2"]
[White "Gilea, Lucian"]
[Black "Humbert, Arthur"]
[Result "1/2-1/2"]
[WhiteElo "2273"]
[BlackElo "2036"]
[PlyCount "161"]
[EventDate "2025.03.15"]
[EventType "swiss"]
[EventRounds "11"]
[EventCountry "ROU"]
[SourceTitle "CB13_2025"]
[SourceDate "2025.03.26"]
[SourceVersion "1"]
[SourceVersionDate "2025.03.26"]
[SourceQuality "1"]

1. Nf3 d5 2. c4 c6 3. b3 Nf6 4. Bb2 g6 5. g3 Bg7 6. Bg2 0-0 7. 0-0 a5 8. d3 Re8 9. Nbd2 Na6 10. a3 Nc5 11. Qc2 Ne6 12. e4 d4 13. c5 Nd7 14. b4 Ne5 15. Nxe5 Bxe5 16. f4 Bg7 17. Nc4 axb4 18. axb4 Rxa1 19. Rxa1 Nc7 20. Nb6 e5 21. Bc1 Be6 22. Qf2 f5 23. fxe5 fxe4 24. Bxe4 Bxe5 25. Bh6 Qb8 26. Qd2 Qd8 27. Bg5 Bf6 28. Bf4 Nb5 29. Qf2 Qe7 30. Bd6 Nxd6 31. cxd6 Qg7 32. Ra7 Bg5 33. Qe2 Be3+ 34. Kh1 Rf8 35. b5 Qf6 36. Bg2 Qe5 37. bxc6 Qc5 38. Ra8 Rxa8 39. Nxa8 bxc6 40. Nc7 Bf7 41. d7 Qd6 42. Na8 Qe7 43. Bxc6 Kf8 44. Qf3 Bd2 45. Nc7 Kg7 46. Nb5 Ba5 47. Nxd4 Bb6 48. Qe4 Qf6 49. Nf3 Qa1+ 50. Kg2 Qa2+ 51. Kh1 Qa1+ 52. Ne1 Qf6 53. Qf3 Qd4 54. Qf1 Be6 55. Nf3 Qc5 56. Qa1+ Kh6 57. Be4 Bxd7 58. h4 Qf2 59. Qg1 Qb2 60. Qg2 Qa1+ 61. Kh2 Bg4 62. Ng5 Kg7 63. Bf3 Bf5 64. Be2 Bc7 65. Qf2 Qb2 66. Qe3 Qf6 67. Bf1 h6 68. Nf3 Bg4 69. Qa7 Qd6 70. Qd4+ Qxd4 71. Nxd4 g5 72. hxg5 hxg5 73. Bh3 Bb6 74. Nc6 Be2 75. Bf5 Kf6 76. Be4 Bg4 77. Kg2 Bd7 78. Nb4 Ke5 79. Kf3 Bc5 80. Nc2 Bd4 81. Ne3 1/2-1/2